[Event "3rd FIDE WCCC Rapid U10 2019"]
[Site "Minsk"]
[Date "2019.08.16"]
[Round "3.4"]
[White "Dziarkach, Aliaksandr"]
[Black "Vershinin, Igor"]
[Result "1/2-1/2"]
[WhiteElo "1491"]
[BlackElo "2188"]
[Annotator "TA"]
[PlyCount "112"]
[EventDate "2019.08.16"]
[EventType "swiss"]
[EventCountry "BLR"]
[SourceTitle "playchess.com"]
[Source "ChessBase"]
[SourceQuality "1"]

{[%evp 19,112,27,20,21,28,29,62,40,39,54,34,-2,13,0,-4,-16,19,4,243,252,252,243,249,233,230,132,235,235,270,269,270,267,316,254,290,278,322,267,250,213,252,252,268,223,249,223,223,223,330,104,91,12,10,0,0,0,0,0,0,0,0,0,0,0,0,0,0,0,0,0,0,0,9,0,0,0,0,0,0,0,0,0,0,0,0,0,0,0,0,0,0,0,0,0,8]} 1. d4 Nf6 2. Nf3 c5 3. c3 cxd4 4. cxd4 d5 5. Bf4 Nc6 6. e3 Bf5 7. Qb3 Qb6 8. Qxb6 axb6 9. Nc3 e6 10. Bb5 Bb4 11. Ne5 {D14: Slav Defence: Exchange variation with ...Bf5} Bxc3+ (11... Ne4 12. Nxc6 Nxc3 13. Nxb4+ Nxb5 14. Kd2 Kd7 15. Rhc1 Rhc8 16. f3 h5 17. Rxc8 {½-½ (17) Khismatullin,D (2651)-Bologan,V (2607) Poikovsky 2015}) 12. bxc3 Rc8 13. O-O {White is slightly better.} O-O 14. Bxc6 $146 ({Predecessor:} 14. Rfc1 Nxe5 15. Bxe5 Rfd8 16. f3 Ne8 17. Kf2 f6 18. Bg3 Nd6 19. Bxd6 Rxd6 {½-½ (57) Pert,N (2425)-Korstin,M (2201) Yerevan 1999}) 14... bxc6 15. c4 c5 16. cxd5 exd5 17. dxc5 Rxc5 18. h3 Ra5 $2 (18... Ra8 $11) 19. Nc6 $18 {Strongly threatening Ne7+.} Bd3 20. Rfd1 $1 (20. Nxa5 Bxf1 21. Rxf1 (21. Kxf1 bxa5 22. Rc1 a4 $16) 21... bxa5 $16) 20... Bc2 21. Rd2 (21. Nxa5 $6 Bxd1 22. Rxd1 bxa5 $16) 21... Rc5 22. Ne7+ Kh8 23. Bd6 Rc4 {[#]} 24. Ng6+ $1 {[%mdl 576] Discovered Attack} hxg6 (24... Bxg6 25. Bxf8) 25. Bxf8 Be4 26. a4 Nd7 27. Be7 Ne5 28. a5 bxa5 29. Rxa5 Rc1+ 30. Kh2 Nc4 31. Ra8+ Kh7 32. Rda2 d4 33. Rc8 ({Don't take} 33. exd4 $6 Bxa8 34. Rxa8 Rd1 $16) 33... d3 {[#]} (33... dxe3 $142 34. Bg5 Bd5 35. Bxe3 (35. fxe3 Rf1 $18) 35... Nxe3 36. Rxc1 Bxa2) 34. Bb4 $2 (34. Ba3 $1 $18 {[%cal Ra3c1]} d2 {[#]} 35. Rxd2 $1 {[%mdl 576] Pin}) 34... Bd5 $16 35. Rd2 (35. Ra7 $16) 35... Be6 $11 {The position is equal.} 36. Rc5 Rb1 37. Rxd3 {aiming for Ba5.} Rxb4 38. Rd4 Rb2 39. Rcxc4 Bxc4 40. Rxc4 Rxf2 {[%mdl 4096] Endgame KR-KR} 41. Rf4 Re2 42. Rxf7 Rxe3 43. h4 Kh6 44. g3 Re2+ 45. Kh3 Re1 46. Kg2 (46. Rf8 {seems wilder.} Kh7 47. Rb8 Ra1 48. Rb6 Kh6 49. Re6) 46... Re4 47. Kf3 Ra4 48. g4 Ra3+ 49. Kf4 Rh3 50. Rf8 {[%cal Rf8h8]} Kh7 51. Kg5 Ra3 52. h5 {[%csl Gg5][%cal Rh5g6]} Ra5+ 53. Kh4 g5+ 54. Kg3 Ra3+ 55. Rf3 Ra5 56. Rd3 Re5 {Accuracy: White = 46%, Black = 53%.} 1/2-1/2

[Event "3rd FIDE WCCC Rapid U10 2019"]
[Site "Minsk"]
[Date "2019.08.16"]
[Round "3.5"]
[White "Koshulyan, Egor A."]
[Black "Nikulin, Aleksandr N."]
[Result "1-0"]
[WhiteElo "1872"]
[BlackElo "1285"]
[Annotator "NA"]
[PlyCount "105"]
[EventDate "2019.08.16"]
[EventType "swiss"]
[EventCountry "BLR"]
[SourceTitle "playchess.com"]
[Source "ChessBase"]
[SourceQuality "1"]
[TimeControl "600+5"]

1. e4 {[%emt 0:00:00]} Nf6 {[%emt 0:00:04]} 2. e5 {[%emt 0:00:00]} Nd5 {[%emt 0:00:08]} 3. Nc3 {[%emt 0:00:12]} Nb6 {[%emt 0:00:22]} 4. d4 {[%emt 0:00:08]} d6 {[%emt 0:00:07]} 5. Nf3 {[%emt 0:00:35]} Bg4 {[%emt 0:00:16]} 6. Bd3 {[%emt 0:00:59]} Nc6 {[%emt 0:00:31]} 7. Bb5 {[%emt 0:01:22]} a6 {[%emt 0:00:32]} 8. Bxc6+ {[%emt 0:00:12]} bxc6 {[%emt 0:00:05]} 9. Qe2 {[%emt 0:00:36]} g6 {[%emt 0:00:32]} 10. Qe4 {[%emt 0:01:01]} Bxf3 {[%emt 0:00:47]} 11. Qxf3 {[%emt 0:00:03]} Qd7 {[%emt 0:01:21]} 12. O-O {[%emt 0:00:29]} Bg7 {[%emt 0:00:24]} 13. Re1 {[%emt 0:00:08]} O-O {[%emt 0:00:12]} 14. Bf4 {[%emt 0:00:32]} Rad8 $14 {[%emt 0:01:55]} 15. Bg3 {[%emt 0:00:20]} Nc4 {[%emt 0:00:27]} 16. b3 {[%emt 0:00:06]} Na3 {[%emt 0:00:06]} 17. Qe4 {[%emt 0:00:29]} dxe5 {[%emt 0:00:31]} 18. dxe5 {[%emt 0:00:23]} Qd2 {[%emt 0:00:37]} 19. Qxc6 {[%emt 0:00:20]} Qxc2 {[%emt 0:00:41]} 20. Rac1 {[%emt 0:00:14]} Qf5 {[%emt 0:00:22]} 21. Na4 {[%emt 0:01:18]} Bh6 {[%emt 0:00:14]} 22. Rcd1 {[%emt 0:00:11]} Qg4 {[%emt 0:00:33]} 23. f3 {[%emt 0:00:52]} Qb4 {[%emt 0:00:38]} 24. Qxc7 {[%emt 0:00:31]} Be3+ {[%emt 0:00:02]} 25. Kh1 {[%emt 0:00:02]} Nb5 {[%emt 0:00:05]} 26. Qxd8 {[%emt 0:00:11]} Rxd8 {[%emt 0:00:01]} 27. Rxd8+ {[%emt 0:00:01]} Kg7 {[%emt 0:00:01]} 28. Rxe3 {[%emt 0:00:04]} Nc7 {[%emt 0:00:02]} 29. Re1 {[%emt 0:00:04]} Ne6 {[%emt 0:00:01]} 30. Rdd1 {[%emt 0:00:02]} Qa3 {[%emt 0:00:04]} 31. Re2 {[%emt 0:00:05]} Qb4 {[%emt 0:00:01]} 32. Be1 {[%emt 0:00:05]} Qb5 {[%emt 0:00:01]} 33. Nc3 {[%emt 0:00:05]} Qb7 {[%emt 0:00:04]} 34. Bg3 {[%emt 0:00:03]} Qc7 {[%emt 0:00:03]} 35. Ne4 {[%emt 0:00:03]} Qb7 {[%emt 0:00:03]} 36. Rc2 {[%emt 0:00:02]} Qb5 {[%emt 0:00:01]} 37. h3 {[%emt 0:00:08]} h5 {[%emt 0:00:04]} 38. Rb2 {[%emt 0:00:10]} Qc6 {[%emt 0:00:05]} 39. Rbd2 {[%emt 0:00:03]} Qb5 {[%emt 0:00:07]} 40. Nc3 {[%emt 0:00:06]} Qc5 {[%emt 0:00:02]} 41. Nd5 {[%emt 0:00:03]} Nd8 {[%emt 0:00:06]} 42. Nxe7 {[%emt 0:00:06]} Qxe7 {[%emt 0:00:00]} 43. Rxd8 {[%emt 0:00:01]} Qa3 {[%emt 0:00:03]} 44. R8d2 {[%emt 0:00:01]} Qb4 {[%emt 0:00:01]} 45. Rd4 {[%emt 0:00:04]} Qa3 {[%emt 0:00:02]} 46. Bh4 {[%emt 0:00:02]} Qxa2 {[%emt 0:00:03]} 47. Bf6+ {[%emt 0:00:00]} Kh6 {[%emt 0:00:08]} 48. Rd8 {[%emt 0:00:01]} g5 {[%emt 0:00:02]} 49. Rg8 {[%emt 0:00:14]} Qxb3 {[%emt 0:00:05]} 50. Rdd8 {[%emt 0:00:00]} Qe3 {[%emt 0:00:11]} 51. Rg7 {[%emt 0:00:04]} Qc1+ {[%emt 0:00:09]} 52. Kh2 {[%emt 0:00:00]} Qf4+ {[%emt 0:00:02]} 53. g3 {[%emt 0:00:00]} 1-0

[Event "3rd FIDE WCCC Rapid U10 2019"]
[Site "Minsk"]
[Date "2019.08.16"]
[Round "3.6"]
[White "Shidlovskij, Artem"]
[Black "Krasnoperov, Platon"]
[Result "1/2-1/2"]
[WhiteElo "1668"]
[BlackElo "1471"]
[Annotator "NA"]
[PlyCount "175"]
[EventDate "2019.08.16"]
[EventType "swiss"]
[EventCountry "BLR"]
[SourceTitle "playchess.com"]
[Source "ChessBase"]
[SourceQuality "1"]
[TimeControl "600+5"]

1. d4 {[%emt 0:00:00]} d5 {[%emt 0:00:00]} 2. c4 {[%emt 0:00:00]} e6 {[%emt 0:00:00]} 3. Nf3 {[%emt 0:00:00]} c6 {[%emt 0:00:00]} 4. Nc3 {[%emt 0:00:00]} dxc4 {[%emt 0:00:00]} 5. a4 {[%emt 0:00:05]} Bb4 {[%emt 0:00:00]} 6. e4 {[%emt 0:01:59]} b5 {[%emt 0:00:02]} 7. Bd2 {[%emt 0:00:15]} Bxc3 {[%emt 0:00:04]} 8. Bxc3 {[%emt 0:00:02]} Nf6 {[%emt 0:00:05]} 9. Qc2 {[%emt 0:00:34]} O-O {[%emt 0:00:19]} 10. Be2 {[%emt 0:00:27]} a6 {[%emt 0:00:05]} 11. O-O {[%emt 0:00:04]} Bb7 {[%emt 0:00:00]} 12. e5 {[%emt 0:01:10]} Nd5 {[%emt 0:00:08]} 13. Bd2 {[%emt 0:00:35]} Nd7 {[%emt 0:00:07]} 14. Ng5 {[%emt 0:00:18]} g6 {[%emt 0:00:09]} 15. Ne4 {[%emt 0:00:07]} c5 {[%emt 0:01:13]} 16. Nd6 {[%emt 0:00:38]} Qc7 {[%emt 0:00:12]} 17. axb5 {[%emt 0:00:26]} cxd4 18. Qxc4 {[%emt 0:01:11]} Rab8 {[%emt 0:02:58]} 19. Qxc7 {[%emt 0:00:20]} Nxc7 {[%emt 0:00:02]} 20. bxa6 {[%emt 0:00:02]} Bd5 {[%emt 0:00:19]} 21. b4 {[%emt 0:00:15]} Nxe5 {[%emt 0:00:14]} 22. Rfc1 {[%emt 0:00:40]} Na8 {[%emt 0:01:28]} 23. Bf4 {[%emt 0:00:47]} f6 {[%emt 0:00:07]} 24. Bxe5 {[%emt 0:01:09]} fxe5 {[%emt 0:00:01]} 25. Rcb1 {[%emt 0:00:42]} Rfd8 {[%emt 0:00:21]} 26. Nc4 {[%emt 0:00:02]} e4 {[%emt 0:00:31]} 27. Ne5 {[%emt 0:00:01]} d3 28. Bd1 Kg7 {[%emt 0:02:09]} 29. f3 {[%emt 0:00:13]} Rb6 {[%emt 0:01:04]} 30. fxe4 {[%emt 0:00:16]} Bxe4 {[%emt 0:00:02]} 31. Nc4 {[%emt 0:00:01]} Rbb8 {[%emt 0:00:28]} 32. Bf3 {[%emt 0:00:07]} Bxf3 {[%emt 0:00:06]} 33. gxf3 {[%emt 0:00:02]} Rbc8 {[%emt 0:00:01]} 34. Ne5 {[%emt 0:00:08]} Kf6 {[%emt 0:00:18]} 35. Ng4+ {[%emt 0:00:03]} Kf5 {[%emt 0:00:05]} 36. b5 {[%emt 0:00:02]} Nb6 {[%emt 0:00:03]} 37. Ne3+ {[%emt 0:00:08]} Kf4 {[%emt 0:00:02]} 38. Kf2 {[%emt 0:00:01]} e5 {[%emt 0:00:13]} 39. Rb4+ {[%emt 0:00:01]} Rd4 {[%emt 0:00:03]} 40. Ng2+ {[%emt 0:00:09]} Kf5 {[%emt 0:00:03]} 41. Ne3+ {[%emt 0:00:03]} Ke6 {[%emt 0:00:04]} 42. Rxd4 {[%emt 0:00:05]} exd4 {[%emt 0:00:01]} 43. Ng2 {[%emt 0:00:13]} Rc2+ {[%emt 0:00:01]} 44. Kf1 {[%emt 0:00:02]} Rb2 {[%emt 0:00:08]} 45. Nf4+ {[%emt 0:00:04]} Kd6 {[%emt 0:00:07]} 46. Nxd3 {[%emt 0:00:05]} Rxb5 {[%emt 0:00:01]} 47. a7 {[%emt 0:00:06]} Na8 {[%emt 0:00:01]} 48. Ra6+ {[%emt 0:00:11]} Rb6 {[%emt 0:00:13]} 49. Ra4 {[%emt 0:00:05]} Kd5 {[%emt 0:00:11]} 50. Ra5+ {[%emt 0:00:03]} Kc4 {[%emt 0:00:05]} 51. Ne5+ {[%emt 0:00:06]} Kc3 {[%emt 0:00:02]} 52. Ra3+ {[%emt 0:00:04]} Kb2 {[%emt 0:00:14]} 53. Rd3 {[%emt 0:00:10]} Rb7 {[%emt 0:00:06]} 54. Rxd4 {[%emt 0:00:03]} Rxa7 {[%emt 0:00:01]} 55. Kg2 {[%emt 0:00:02]} Nc7 {[%emt 0:00:02]} 56. Rd7 {[%emt 0:00:03]} Kc3 {[%emt 0:00:05]} 57. Rxh7 {[%emt 0:00:06]} Ra2+ {[%emt 0:00:01]} 58. Kg3 {[%emt 0:00:02]} Ne6 {[%emt 0:00:04]} 59. Nxg6 {[%emt 0:00:10]} Kd4 {[%emt 0:00:03]} 60. Rd7+ {[%emt 0:00:01]} Kc5 {[%emt 0:00:05]} 61. h4 {[%emt 0:00:03]} Ra1 {[%emt 0:00:03]} 62. Rd2 {[%emt 0:00:06]} Ng7 {[%emt 0:00:05]} 63. Rg2 {[%emt 0:00:06]} Ra6 {[%emt 0:00:02]} 64. Kf4 {[%emt 0:00:09]} Rf6+ {[%emt 0:00:01]} 65. Ke4 {[%emt 0:00:04]} Nh5 {[%emt 0:00:10]} 66. Rg5+ {[%emt 0:00:01]} Kd6 {[%emt 0:00:02]} 67. Rxh5 {[%emt 0:00:04]} Rxg6 {[%emt 0:00:01]} 68. f4 {[%emt 0:00:01]} Rg8 {[%emt 0:00:02]} 69. f5 {[%emt 0:00:04]} Ke7 {[%emt 0:00:05]} 70. Kf4 {[%emt 0:00:01]} Rg1 {[%emt 0:00:04]} 71. Rg5 {[%emt 0:00:09]} Rf1+ {[%emt 0:00:01]} 72. Kg4 {[%emt 0:00:01]} Kf6 {[%emt 0:00:06]} 73. Rg6+ {[%emt 0:00:03]} Kf7 {[%emt 0:00:01]} 74. h5 {[%emt 0:00:16]} Rg1+ {[%emt 0:00:06]} 75. Kf4 {[%emt 0:00:02]} Rh1 {[%emt 0:00:06]} 76. h6 {[%emt 0:00:04]} Rf1+ {[%emt 0:00:04]} 77. Ke4 {[%emt 0:00:08]} Re1+ {[%emt 0:00:01]} 78. Kd3 {[%emt 0:00:06]} Rf1 {[%emt 0:00:03]} 79. Rg5 {[%emt 0:00:15]} Rh1 {[%emt 0:00:05]} 80. Rg6 {[%emt 0:00:04]} Rf1 {[%emt 0:00:03]} 81. Ke4 {[%emt 0:00:04]} Re1+ {[%emt 0:00:01]} 82. Kd3 {[%emt 0:00:05]} Rf1 {[%emt 0:00:01]} 83. Rg5 {[%emt 0:00:05]} Rh1 {[%emt 0:00:07]} 84. h7 {[%emt 0:00:04]} Rxh7 {[%emt 0:00:02]} 85. Ke4 {[%emt 0:00:01]} Rh4+ {[%emt 0:00:03]} 86. Ke5 {[%emt 0:00:01]} Rh1 {[%emt 0:00:02]} 87. Rg4 {[%emt 0:00:04]} Re1+ {[%emt 0:00:04]} 88. Re4 {[%emt 0:00:05]} 1/2-1/2

[Event "3rd FIDE WCCC Rapid U10 2019"]
[Site "Minsk"]
[Date "2019.08.16"]
[Round "4.1"]
[White "Plotnikov, Boris"]
[Black "Zverev, Lev"]
[Result "0-1"]
[WhiteElo "1446"]
[BlackElo "1881"]
[Annotator "NA"]
[PlyCount "64"]
[EventDate "2019.08.16"]
[EventType "swiss"]
[EventCountry "BLR"]
[SourceTitle "playchess.com"]
[Source "ChessBase"]
[SourceQuality "1"]
[TimeControl "600+5"]

1. Nf3 {[%emt 0:00:00]} d5 {[%emt 0:00:00]} 2. g3 {[%emt 0:00:00]} e6 {[%emt 0:00:00]} 3. Bg2 {[%emt 0:00:00]} Nf6 {[%emt 0:00:00]} 4. O-O {[%emt 0:00:02]} Bd6 {[%emt 0:00:02]} 5. c4 {[%emt 0:00:03]} O-O {[%emt 0:00:03]} 6. d3 {[%emt 0:00:03]} b6 {[%emt 0:00:04]} 7. Nc3 {[%emt 0:00:07]} Bb7 {[%emt 0:00:01]} 8. b3 {[%emt 0:00:19]} c5 {[%emt 0:00:22]} 9. Bb2 {[%emt 0:00:17]} Nbd7 {[%emt 0:00:03]} 10. Rc1 {[%emt 0:00:13]} Rc8 {[%emt 0:00:03]} 11. Rc2 {[%emt 0:00:10]} Qe7 {[%emt 0:00:52]} 12. Qa1 {[%emt 0:00:06]} d4 {[%emt 0:00:10]} 13. Nd1 {[%emt 0:00:58]} Ba8 {[%emt 0:00:10]} 14. e3 {[%emt 0:00:25]} e5 {[%emt 0:00:02]} 15. Re1 {[%emt 0:00:19]} Qd8 {[%emt 0:00:35]} 16. exd4 {[%emt 0:00:41]} exd4 {[%emt 0:00:20]} 17. Rce2 {[%emt 0:00:07]} Qc7 {[%emt 0:00:04]} 18. b4 {[%emt 0:00:42]} Bxf3 {[%emt 0:00:12]} 19. Bxf3 {[%emt 0:00:02]} Ne5 {[%emt 0:00:01]} 20. Rxe5 {[%emt 0:00:34]} Bxe5 {[%emt 0:00:02]} 21. bxc5 {[%emt 0:00:17]} bxc5 {[%emt 0:00:01]} 22. Qc1 {[%emt 0:00:08]} h6 {[%emt 0:00:10]} 23. Ba3 {[%emt 0:00:14]} Bd6 {[%emt 0:00:05]} 24. Qd2 {[%emt 0:00:15]} Rb8 {[%emt 0:00:09]} 25. Nb2 {[%emt 0:00:02]} Qb6 {[%emt 0:00:16]} 26. Na4 {[%emt 0:00:13]} Qc7 {[%emt 0:00:06]} 27. Nb2 {[%emt 0:00:01]} Nd7 {[%emt 0:00:08]} 28. Bd5 {[%emt 0:00:30]} Rb6 {[%emt 0:00:24]} 29. Qa5 {[%emt 0:00:29]} Qc8 {[%emt 0:00:31]} 30. Qd2 {[%emt 0:00:09]} Qa6 {[%emt 0:00:16]} 31. Kg2 {[%emt 0:00:39]} Qxa3 {[%emt 0:00:03]} 32. Nd1 {[%emt 0:00:02]} Qb4 {[%emt 0:00:16]} 0-1

[Event "3rd FIDE WCCC Rapid U10 2019"]
[Site "Minsk"]
[Date "2019.08.16"]
[Round "4.2"]
[White "Yadegar, Radin"]
[Black "Vetokhin, Savva"]
[Result "0-1"]
[WhiteElo "1844"]
[BlackElo "2016"]
[Annotator "NA"]
[PlyCount "88"]
[EventDate "2019.08.16"]
[EventType "swiss"]
[EventCountry "BLR"]
[SourceTitle "playchess.com"]
[Source "ChessBase"]
[SourceQuality "1"]
[TimeControl "600+5"]

1. d4 {[%emt 0:00:00]} Nf6 {[%emt 0:00:00]} 2. c4 {[%emt 0:00:00]} e6 {[%emt 0:00:00]} 3. Nc3 {[%emt 0:00:03]} Bb4 {[%emt 0:00:00]} 4. e3 {[%emt 0:00:09]} O-O {[%emt 0:00:06]} 5. Nge2 {[%emt 0:00:21]} d5 {[%emt 0:00:07]} 6. a3 {[%emt 0:00:06]} Bd6 {[%emt 0:00:15]} 7. c5 {[%emt 0:00:48]} Be7 {[%emt 0:00:03]} 8. g3 {[%emt 0:00:16]} c6 {[%emt 0:00:15]} 9. Bg2 {[%emt 0:00:02]} Nbd7 {[%emt 0:00:02]} 10. O-O {[%emt 0:00:04]} e5 {[%emt 0:00:02]} 11. b4 {[%emt 0:00:06]} a5 {[%emt 0:00:44]} 12. b5 {[%emt 0:00:45]} h5 {[%emt 0:00:42]} 13. Rb1 {[%emt 0:00:46]} h4 {[%emt 0:00:05]} 14. bxc6 {[%emt 0:00:16]} bxc6 {[%emt 0:00:01]} 15. Na4 {[%emt 0:00:40]} Ba6 {[%emt 0:00:02]} 16. Re1 {[%emt 0:01:06]} e4 {[%emt 0:00:09]} 17. Bd2 {[%emt 0:01:08]} Bd3 {[%emt 0:00:41]} 18. Rb2 {[%emt 0:00:16]} Qc7 {[%emt 0:00:08]} 19. Nf4 {[%emt 0:00:38]} Bb5 {[%emt 0:00:15]} 20. Nc3 {[%emt 0:00:49]} Bc4 {[%emt 0:00:04]} 21. Na4 {[%emt 0:00:11]} Rab8 {[%emt 0:01:20]} 22. Qc2 g5 {[%emt 0:00:20]} 23. Nh3 {[%emt 0:01:24]} Ng4 {[%emt 0:01:12]} 24. Qc3 {[%emt 0:01:05]} Bb5 25. Nb6 Nxb6 {[%emt 0:00:11]} 26. cxb6 {[%emt 0:00:07]} Qxb6 {[%emt 0:00:21]} 27. a4 {[%emt 0:00:50]} Bb4 {[%emt 0:00:02]} 28. Qc2 {[%emt 0:00:04]} Bd3 {[%emt 0:00:01]} 29. Qd1 {[%emt 0:00:06]} f5 {[%emt 0:00:12]} 30. Bxb4 {[%emt 0:00:02]} axb4 {[%emt 0:00:01]} 31. Nxg5 {[%emt 0:00:11]} hxg3 {[%emt 0:00:00]} 32. hxg3 {[%emt 0:00:01]} Rf6 {[%emt 0:00:27]} 33. Bh3 {[%emt 0:00:13]} Rg6 {[%emt 0:00:05]} 34. Bxg4 {[%emt 0:00:02]} Rxg5 {[%emt 0:00:04]} 35. Bh3 {[%emt 0:00:02]} Qc7 {[%emt 0:00:05]} 36. Bf1 {[%emt 0:00:09]} Bxf1 {[%emt 0:00:06]} 37. Rxf1 {[%emt 0:00:01]} f4 {[%emt 0:00:12]} 38. exf4 {[%emt 0:00:01]} Qxf4 {[%emt 0:00:02]} 39. Qc1 {[%emt 0:00:19]} Qf6 {[%emt 0:00:11]} 40. Qc5 {[%emt 0:00:01]} e3 {[%emt 0:00:32]} 41. Kg2 Rf8 {[%emt 0:00:12]} 42. Qc1 {[%emt 0:00:09]} Qf3+ {[%emt 0:00:01]} 43. Kg1 {[%emt 0:00:03]} Rh5 {[%emt 0:00:05]} 44. Qxe3 {[%emt 0:00:14]} Rh1# {[%emt 0:00:01]} 0-1

[Event "3rd FIDE WCCC Rapid U10 2019"]
[Site "Minsk"]
[Date "2019.08.16"]
[Round "4.3"]
[White "Pham, Tran Gia Phuc"]
[Black "Koshulyan, Egor A."]
[Result "1/2-1/2"]
[WhiteElo "1645"]
[BlackElo "1872"]
[Annotator "NA"]
[PlyCount "103"]
[EventDate "2019.08.16"]
[EventType "swiss"]
[EventCountry "BLR"]
[SourceTitle "playchess.com"]
[Source "ChessBase"]
[SourceQuality "1"]
[TimeControl "600+5"]

1. d4 {[%emt 0:00:00]} Nf6 {[%emt 0:00:00]} 2. c4 {[%emt 0:00:00]} e5 {[%emt 0:00:00]} 3. dxe5 {[%emt 0:00:00]} Ng4 {[%emt 0:00:00]} 4. Nf3 {[%emt 0:00:00]} Bc5 {[%emt 0:00:00]} 5. e3 {[%emt 0:00:01]} Nc6 {[%emt 0:00:00]} 6. Nc3 {[%emt 0:00:00]} O-O {[%emt 0:00:04]} 7. Be2 {[%emt 0:00:01]} Ngxe5 {[%emt 0:00:02]} 8. Nxe5 {[%emt 0:00:04]} Nxe5 {[%emt 0:00:02]} 9. O-O {[%emt 0:00:01]} Re8 {[%emt 0:00:01]} 10. Kh1 {[%emt 0:00:05]} a5 {[%emt 0:00:02]} 11. b3 {[%emt 0:00:08]} Ra6 {[%emt 0:00:01]} 12. f4 {[%emt 0:00:15]} Nc6 {[%emt 0:00:41]} 13. Nd5 {[%emt 0:00:11]} Nb4 {[%emt 0:00:18]} 14. Rf3 {[%emt 0:01:09]} Rd6 {[%emt 0:02:11]} 15. Rg3 {[%emt 0:00:25]} c6 {[%emt 0:00:47]} 16. Bb2 {[%emt 0:00:12]} Rg6 {[%emt 0:00:53]} 17. Rxg6 {[%emt 0:00:20]} hxg6 {[%emt 0:00:05]} 18. Nxb4 {[%emt 0:00:03]} axb4 {[%emt 0:00:02]} 19. Bd4 {[%emt 0:04:57]} Qe7 {[%emt 0:00:16]} 20. Bf3 {[%emt 0:00:38]} Bxd4 {[%emt 0:00:19]} 21. exd4 {[%emt 0:00:01]} Qe3 {[%emt 0:00:05]} 22. g3 {[%emt 0:00:02]} d6 {[%emt 0:00:04]} 23. Kg2 {[%emt 0:00:25]} Bf5 {[%emt 0:00:34]} 24. d5 {[%emt 0:01:18]} c5 {[%emt 0:00:29]} 25. Qg1 {[%emt 0:00:48]} Bh3+ {[%emt 0:00:22]} 26. Kxh3 {[%emt 0:00:02]} Qxf3 {[%emt 0:00:02]} 27. Re1 {[%emt 0:00:03]} Re2 {[%emt 0:00:09]} 28. Rxe2 {[%emt 0:00:23]} Qxe2 {[%emt 0:00:01]} 29. Qa1 {[%emt 0:00:00]} b5 {[%emt 0:01:23]} 30. cxb5 {[%emt 0:00:02]} Qh5+ {[%emt 0:00:02]} 31. Kg2 {[%emt 0:00:20]} Qxd5+ {[%emt 0:00:03]} 32. Kg1 {[%emt 0:00:02]} Qd3 {[%emt 0:00:25]} 33. Qf1 {[%emt 0:00:01]} Qd4+ {[%emt 0:00:16]} 34. Qf2 {[%emt 0:00:00]} Qd5 {[%emt 0:00:13]} 35. Qe2 {[%emt 0:00:03]} Kf8 {[%emt 0:00:02]} 36. Qc4 {[%emt 0:00:13]} Qb7 {[%emt 0:00:54]} 37. Qd3 {[%emt 0:00:39]} d5 {[%emt 0:00:14]} 38. Kf2 {[%emt 0:00:02]} Qa8 {[%emt 0:00:28]} 39. Qe2 {[%emt 0:00:02]} Qa7 {[%emt 0:00:11]} 40. Kf3 {[%emt 0:00:04]} Qb7 {[%emt 0:00:04]} 41. Kf2 {[%emt 0:00:01]} Qc7 {[%emt 0:00:02]} 42. Qd3 {[%emt 0:00:10]} Qb7 {[%emt 0:00:07]} 43. Qe2 {[%emt 0:00:07]} Qe7 {[%emt 0:00:20]} 44. Qd3 {[%emt 0:00:02]} Qb7 {[%emt 0:00:11]} 45. Qe2 {[%emt 0:00:02]} Qb6 {[%emt 0:00:05]} 46. Kf3 {[%emt 0:00:04]} Qc7 {[%emt 0:00:09]} 47. Qd3 {[%emt 0:00:04]} Qb7 {[%emt 0:00:21]} 48. Kf2 {[%emt 0:00:02]} Ke7 {[%emt 0:00:04]} 49. Qe3+ {[%emt 0:00:01]} Kd6 50. Qe5+ Kd7 51. Qxg7 Qxb5 52. Qe5 1/2-1/2